[Event "Hoogovens op"]
[Site "Wijk aan Zee"]
[Date "1995.??.??"]
[Round "5"]
[White "Delemarre, Jop"]
[Black "Tkachiev, Vladislav"]
[Result "1/2-1/2"]
[WhiteElo "2235"]
[BlackElo "2575"]

1.d4 Nf6 2.c4 g6 3.Nc3 Bg7 4.e4 d6 5.f3 O-O 6.Be3 a6 7.Qd2 c6 8.Bd3 b5 9.Nge2 Nbd7
10.Rc1 Rb8 11.cxb5 axb5 12.O-O e5 13.Rfd1 Bb7 14.b3 Qe7 15.Bg5 Rfd8 16.Re1 Qf8
17.Bb1 h6 18.Bh4 Qe7 19.d5 cxd5 20.Nxd5 Bxd5 21.exd5 Nb6 22.Nd4 Nbxd5 23.Nc6  1/2-1/2

[Event "Hoogovens op"]
[Site "Wijk aan Zee"]
[Date "1995.??.??"]
[Round "9"]
[White "Schwartzman, Gabriel"]
[Black "Tkachiev, Vladislav"]
[Result "1/2-1/2"]
[WhiteElo "2495"]
[BlackElo "2575"]

1.c4 Nf6 2.Nc3 g6 3.g3 Bg7 4.Bg2 O-O 5.d4 d6 6.Nf3 Nbd7 7.O-O e5 8.e4 exd4
9.Nxd4 Re8 10.h3 Nc5 11.Re1 h6 12.Kh2 Bd7 13.Rb1 a5 14.f4 a4 15.b4 axb3 16.axb3 h5
17.Bb2 Re7 18.b4 Na4 19.Nxa4 Bxa4 20.Qd3 Qe8 21.Re2 Rd8 22.Rbe1 c5 23.Nb5 Bxb5
24.cxb5 cxb4 25.Qc4 Rc8 26.Qxb4 h4 27.Bxf6 hxg3+ 28.Kxg3 Bxf6 29.Qxd6 Bc3
30.Rd1 Qxb5 31.Re3 Bb4 32.Qd5 Bc5 33.Red3 Qb2 34.R1d2 Qb6 35.Rb3 Qc7 36.h4 Bb4
37.Rd1 Ree8 38.Rbd3 Be7 39.e5 b6  1/2-1/2

[Event "Cannes op"]
[Site "Cannes"]
[Date "1996.??.??"]
[Round "3"]
[White "Nikcevic, Nebojsa"]
[Black "Tkachiev, Vladislav"]
[Result "0-1"]
[WhiteElo "2485"]
[BlackElo "2600"]

1.Nf3 Nf6 2.c4 g6 3.Nc3 Bg7 4.e4 d6 5.d4 O-O 6.h3 Na6 7.Be3 e5 8.d5 Nc5 9.Nd2 a5
10.g4 c6 11.Be2 a4 12.b4 axb3 13.axb3 Rxa1 14.Qxa1 Na6 15.Qa3 c5 16.Nf1 Nb4
17.Qc1 h5 18.f3 Bd7 19.Kf2 Nh7 20.Kg2 h4 21.Nd2 Qe7 22.Ndb1 Bf6 23.Bf2 Bg5
24.Qb2 f5 25.Na3 fxg4 26.hxg4 Qf6 27.Nd1 Bxg4 28.Qc3 Na2  0-1

[Event "Cannes op"]
[Site "Cannes"]
[Date "1996.??.??"]
[Round "8"]
[White "Tkachiev, Vladislav"]
[Black "Hauchard, Arnaud"]
[Result "1/2-1/2"]
[WhiteElo "2600"]
[BlackElo "2460"]

1.e4 c6 2.Nc3 d5 3.Nf3 Bg4 4.h3 Bh5 5.exd5 cxd5 6.g4 Bg6 7.Ne5 Nc6 8.d4 e6
9.h4 f6 10.Nxg6 hxg6 11.Qd3 g5 12.h5 Nh6 13.f4 gxf4 14.Bxf4 Bd6 15.Bd2 Qd7
16.Bh3 O-O-O 17.O-O-O Bc7 18.g5 fxg5 19.Bxg5 Rdf8 20.Nb5 Bf4+ 21.Bxf4 Rxf4
22.Qg3 Rf6 23.Nd6+ Kd8 24.Ne4 dxe4 25.d5 Kc8 26.dxe6 Qc7 27.e7+ Kb8 28.Qxg7 Qf4+
29.Kb1 Re8 30.Rdf1 Rf7 31.Qg6 Nxe7 32.Qe6 Qd2 33.Rxf7 Nxf7 34.Qxf7 Rd8 35.a3 Nc6
36.Bg4 Ne5 37.Qe6 Nxg4 38.Qxg4 e3 39.Qf4+ Kc8 40.h6 e2 41.Qf5+ Qd7 42.Qc5+ Qc6
43.Qxc6+ bxc6 44.Kc1 Rd7 45.Re1 Rh7 46.Rxe2 Rxh6 47.Re7 Kb8 48.Kd2 Rh3 49.Rg7 Rf3
50.a4 Rf4 51.b3 Rf3 52.a5 Rf5 53.b4 c5 54.b5 c4 55.Rg8+ Kc7 56.Rg7+ Kb8 57.b6 axb6
58.axb6 Rf3 59.c3 Rf6 60.b7 Rd6+ 61.Kc2  1/2-1/2

[Event "Jakarta"]
[Site "Jakarta"]
[Date "1996.??.??"]
[Round "?"]
[White "Tkachiev, Vladislav"]
[Black "Hickl, Joerg"]
[Result "1/2-1/2"]
[WhiteElo "2620"]
[BlackElo "2600"]

1.e4 g6 2.d4 d6 3.Nc3 c6 4.Bc4 Nf6 5.Bb3 Bg7 6.Nf3 O-O 7.O-O Na6 8.Qe2 Bg4
9.h3 Bxf3 10.Qxf3 Nd7 11.Ne2 e6 12.c3 d5 13.Ng3 Nc7 14.Bf4 a5 15.a3 Ne8 16.Ba2 Ndf6
17.e5 Nd7 18.Qe3 f6 19.exf6 Qxf6 20.Ne2 Qf7 21.Rae1 Nef6 22.Nc1 Rfe8 23.Nd3 b6
24.Bb1 Qf8 25.g4 c5 26.f3 Rac8 27.Ba2 Kh8 28.h4 b5 29.Re2 cxd4 30.cxd4 Nb6
31.Qf2 Nfd7 32.Rfe1 Qf6 33.Kg2 Nc4  1/2-1/2

[Event "Jakarta"]
[Site "Jakarta"]
[Date "1996.??.??"]
[Round "?"]
[White "Situru, Nathanael"]
[Black "Tkachiev, Vladislav"]
[Result "0-1"]
[WhiteElo "2385"]
[BlackElo "2620"]

1.d4 Nf6 2.c4 g6 3.Nc3 Bg7 4.e4 d6 5.f3 O-O 6.Be3 a6 7.Qd2 Nc6 8.Nge2 Rb8
9.a3 Nd7 10.Bh6 e5 11.Bxg7 Kxg7 12.d5 Ne7 13.g4 c6 14.dxc6 Nxc6 15.h4 Nc5
16.Rd1 Be6 17.h5 Nb3 18.Qe3 Nbd4 19.Rd2 Qg5 20.Qf2 Nb3 21.Rxd6 Bxc4 22.f4 Qe7
23.hxg6 hxg6 24.f5 Qxd6 25.f6+ Qxf6 26.Rh7+ Kxh7 27.Qxf6 Rbe8 28.Nd5 Re6
29.Qf3 Kg7 30.Ng3 Nbd4 31.Qf2 Bxf1 32.Kxf1 Ne7 33.Kg2 Rc8 34.Nc3 Rf6 35.Qd2 Rf4
36.Qd1 Rh8 37.Nf1 Rf3 38.Ne2 Nec6 39.Neg3 Rb3 40.Qc1 Ne6 41.Ne2 Ncd4 42.Nxd4 Nxd4
43.Ne3 Ne6 44.Nd5 Rh4  0-1

[Event "Jakarta m1"]
[Site "Jakarta"]
[Date "1996.??.??"]
[Round "2"]
[White "Suhendra, Andi Supardi"]
[Black "Tkachiev, Vladislav"]
[Result "0-1"]
[WhiteElo "2255"]
[BlackElo "2620"]

1.Nf3 Nf6 2.g3 g6 3.b3 Bg7 4.Bb2 c5 5.Bg2 d5 6.O-O O-O 7.d3 d4 8.b4 Nfd7
9.Nbd2 Nc6 10.b5 Nce5 11.a4 Nxf3+ 12.exf3 e5 13.a5 Re8 14.Re1 Rb8 15.Nc4 Nf8
16.Bc1 Bd7 17.Rb1 Be6 18.Bd2 Bxc4 19.dxc4 f5 20.b6 a6 21.Qc1 Ne6 22.Rb3 Qf6
23.Bh6 Bxh6 24.Qxh6 Re7 25.Rbb1 Rbe8 26.Re2 Nd8 27.Rbe1 Nf7 28.Qd2 Qe6 29.Qd3 Qf6
30.c3 Nd8 31.cxd4 cxd4 32.c5 Nc6 33.Qa3 Kg7 34.Ra1 h5 35.h4 Rd8 36.Rd1 Rd5
37.Rc2 Kh8 38.Bf1 g5 39.hxg5 Qxg5 40.Bc4 Rd8 41.Kg2 h4 42.Rh1 Rh7 43.Rh3 hxg3
44.Rxg3 Qh5 45.Kf1 e4 46.Ke1 d3 47.Qb2+ Nd4 48.Rd2 Qh1+  0-1

[Event "Jakarta m3"]
[Site "Jakarta"]
[Date "1996.??.??"]
[Round "3"]
[White "Suhendra, Andi Supardi"]
[Black "Tkachiev, Vladislav"]
[Result "0-1"]
[WhiteElo "2255"]
[BlackElo "2620"]

1.b3 e5 2.Bb2 Nc6 3.g3 d5 4.Bg2 Nf6 5.e3 Bd6 6.d3 O-O 7.Ne2 Be6 8.Nd2 Qd7
9.h3 Ne7 10.f4 Nf5 11.Nf1 exf4 12.Bxf6 gxf6 13.exf4 d4 14.Bxb7 Bd5 15.Bxa8 Bxa8
16.Rg1 Bb4+ 17.Kf2 Qd5 18.a3 Qf3+  0-1

[Event "Jakarta m3"]
[Site "Jakarta"]
[Date "1996.??.??"]
[Round "4"]
[White "Tkachiev, Vladislav"]
[Black "Suhendra, Andi Supardi"]
[Result "1-0"]
[WhiteElo "2620"]
[BlackElo "2255"]

1.d4 Nf6 2.Nf3 c5 3.d5 g6 4.Nc3 Bg7 5.e4 d6 6.Bb5+ Nfd7 7.a4 O-O 8.O-O Na6
9.Re1 Nc7 10.Bf1 b6 11.Bf4 Bb7 12.Qd2 Re8 13.Bc4 a6 14.e5 b5 15.exd6 exd6
16.Rxe8+ Nxe8 17.axb5 Nb6 18.Bf1 axb5 19.Rxa8 Qxa8 20.Bxb5 Bxc3 21.bxc3 Nxd5
22.Bxe8 Nxf4 23.Bxf7+ Kg7 24.Ne1 g5 25.Bb3 Bxg2 26.f3 Bxf3 27.Qxd6 Nh3+ 28.Kf1  1-0

[Event "FRA-chT9697 final"]
[Site "Clichy"]
[Date "1997.05.02"]
[Round "9"]
[White "Relange, Eloi"]
[Black "Tkachiev, Vladislav"]
[Result "1-0"]
[WhiteElo "2480"]
[BlackElo "2630"]

1.g3 e5 2.c4 Nc6 3.Nc3 g6 4.Bg2 Bg7 5.Rb1 Nf6 6.b4 O-O 7.b5 Ne7 8.Nf3 d6
9.O-O a6 10.a4 axb5 11.axb5 h6 12.d3 Be6 13.Nd2 Qc8 14.Re1 Bh3 15.Bh1 Ng4
16.Qb3 Kh8 17.Ba3 f5 18.c5 e4 19.cxd6 cxd6 20.Nc4 Rxa3 21.Qxa3 d5 22.Qxe7 dxc4
23.Rbc1 Re8 24.Qb4 exd3 25.exd3 Rxe1+ 26.Rxe1 cxd3 27.Nd1 Qc2 28.Bd5 Nf6
29.Bb3 Qc1 30.Qc4 Qxc4 31.Bxc4 d2 32.Re2 Ne4 33.f3 Ng5 34.Bd5 Bd4+ 35.Kh1 b6
36.Rxd2 Bc5 37.Nb2 Bf1 38.Bc4 Bh3 39.Na4 Be3 40.Rd3 Bf2 41.Rd6 Nxf3 42.Nxb6 Ne5
43.Be2 Kg7 44.Nd5 Bc5 45.Re6 Ng4 46.Bxg4 Bxg4 47.Kg2 f4 48.Nxf4 g5 49.Rc6  1-0

[Event "Villa Martelli"]
[Site "Villa Martelli"]
[Date "1997.06.11"]
[Round "11"]
[White "Tkachiev, Vladislav"]
[Black "Sorokin, Maxim"]
[Result "1/2-1/2"]
[WhiteElo "2630"]
[BlackElo "2560"]

1.Nf3 Nf6 2.c4 c6 3.Nc3 d5 4.d4 e6 5.cxd5 cxd5 6.Bf4 Nc6 7.e3 Bd6 8.Bxd6 Qxd6
9.Bd3 O-O 10.O-O Bd7 11.Re1  1/2-1/2

[Event "Makarska"]
[Site "Makarska"]
[Date "1997.10.05"]
[Round "3"]
[White "Cvorovic, Drazen"]
[Black "Tkachiev, Vladislav"]
[Result "0-1"]
[WhiteElo "2425"]
[BlackElo "2615"]

1.Nf3 g6 2.g3 Bg7 3.Bg2 d6 4.d4 Nf6 5.O-O O-O 6.a4 c6 7.a5 Qc7 8.c4 Na6 9.Nc3 e5
10.d5 Bf5 11.Nd2 cxd5 12.cxd5 Rfc8 13.Qa4 Nc5 14.Qa3 Bd7 15.Rd1 Rab8 16.b4 Nb3
17.Nxb3 Qxc3 18.Bf1 Bf5 19.Bb2 Qc7 20.Rac1 Qd7 21.Bg2 Bh3 22.Bh1 Qb5 23.e4 Qe2
24.Nc5 dxc5 25.Bf3 cxb4 26.Qb3 Qb5 27.Bxe5 Rxc1 28.Rxc1 Re8 29.Qb2 Qd3 30.Bh1 Nxe4
31.Bxg7 Nc3 32.Bxc3 bxc3 33.Qxb7 c2  0-1

[Event "Makarska"]
[Site "Makarska"]
[Date "1997.10.08"]
[Round "6"]
[White "Tkachiev, Vladislav"]
[Black "Balinov, Ilija"]
[Result "1-0"]
[WhiteElo "2615"]
[BlackElo "2560"]

1.e4 c5 2.Nf3 d6 3.Bc4 Nf6 4.d3 Nc6 5.c3 e6 6.Bb3 Be7 7.O-O O-O 8.Re1 e5
9.Nbd2 Ne8 10.Nf1 Bf6 11.h3 Be6 12.Be3 Nc7 13.Ng3 g6 14.Bc2 Qe7 15.d4 cxd4
16.cxd4 exd4 17.Nxd4 Nxd4 18.Bxd4 Be5 19.Qd3 Na6 20.Qd2 Rfc8 21.Ne2 Qf6 22.Bc3 Bc4
23.f4 Bxc3 24.Nxc3 Nb4 25.Bb3 Bxb3 26.axb3 a5 27.Rf1 Rc6 28.Rf3 Qh4 29.f5 g5
30.f6 h6 31.Kh2 b6 32.Rf5 Re8 33.Qe2 Rxc3 34.bxc3 Rxe4 35.Qd2 Rf4  1-0

[Event "Makarska"]
[Site "Makarska"]
[Date "1997.10.09"]
[Round "7"]
[White "Gabriel, Christian"]
[Black "Tkachiev, Vladislav"]
[Result "1/2-1/2"]
[WhiteElo "2575"]
[BlackElo "2615"]

1.d4 d5 2.c4 dxc4 3.Nf3 e6 4.e3 a6 5.Bxc4 c5 6.a3 b5 7.Ba2 Nf6 8.O-O Bb7
9.Nc3 Nbd7 10.Qe2 Qc7  1/2-1/2

[Event "Makarska"]
[Site "Makarska"]
[Date "1997.10.10"]
[Round "8"]
[White "Tkachiev, Vladislav"]
[Black "Degraeve, Jean Marc"]
[Result "1-0"]
[WhiteElo "2615"]
[BlackElo "2540"]

1.e4 e5 2.Nf3 Nc6 3.Bc4 Nf6 4.d3 Bc5 5.c3 O-O 6.Nbd2 a6 7.Nf1 Ng4 8.d4 exd4
9.cxd4 Bb4+ 10.N1d2 Qe7 11.O-O Bxd2 12.Qxd2 Qxe4 13.Re1 Qg6 14.d5 Nd8 15.h3 Nh6
16.Bd3 Qd6 17.Qc2 Qxd5 18.Bxh7+ Kh8 19.Be4 Qh5 20.Ng5 Ne6 21.Bxb7 Nxg5 22.Bxa8 c6
23.Qb3 Nf5 24.Qb4 Nh7 25.Bb7 a5 26.Qg4 Qxg4 27.hxg4 Bxb7 28.gxf5 Nf6 29.Bf4 Nd5
30.Bd6 Ra8 31.Re4  1-0

[Event "Corsica rap op"]
[Site "Corsica"]
[Date "1997.??.??"]
[Round "1"]
[White "Valenti, Richard"]
[Black "Tkachiev, Vladislav"]
[Result "0-1"]
[WhiteElo "2260"]
[BlackElo "2615"]

1.Nf3 Nf6 2.d4 g6 3.Bf4 Bg7 4.e3 d6 5.h3 O-O 6.Be2 Nc6 7.O-O Nd7 8.Bh2 e5
9.c3 Qe7 10.a4 f5 11.Na3 Kh8 12.b4 e4 13.Nd2 g5 14.Qc2 Nf6 15.b5 Nd8 16.c4 Ne6
17.Rfc1 f4 18.Rab1 Qe8 19.Nxe4 fxe3 20.Nxf6 exf2+ 21.Kh1 Bxf6 22.Qe4 Nxd4  0-1

[Event "Corsica rap op"]
[Site "Corsica"]
[Date "1997.??.??"]
[Round "3"]
[White "Degraeve, Jean Marc"]
[Black "Tkachiev, Vladislav"]
[Result "1/2-1/2"]
[WhiteElo "2540"]
[BlackElo "2615"]

1.e4 e5 2.Nf3 Nc6 3.Bc4 Bc5 4.c3 Nf6 5.d3 d6 6.Nbd2 a6 7.Nf1 Ba7 8.Bb3 Ng4
9.d4 exd4 10.cxd4 Nf6 11.Ng3 Bg4 12.Be3 d5 13.e5 Ne4 14.Bc2 f5 15.exf6 Nxf6
16.h3 Bxf3 17.Qxf3 Bxd4 18.Nf5 Bxb2 19.Rb1 Bc3+ 20.Kf1 Qd7 21.Rxb7 O-O 22.g4 Ne5
23.Qd1 Nc4 24.g5 Ne4 25.Bxe4 Rxf5 26.Bxf5 Qxf5 27.Bc1 Rf8 28.f4 Qe4 29.Rh2 d4
30.Qb3  1/2-1/2

[Event "Corsica rap op"]
[Site "Corsica"]
[Date "1997.??.??"]
[Round "7"]
[White "Tregubov, Pavel V"]
[Black "Tkachiev, Vladislav"]
[Result "1-0"]
[WhiteElo "2550"]
[BlackElo "2615"]

1.d4 d5 2.c4 dxc4 3.e3 e6 4.Bxc4 a6 5.Nf3 c5 6.O-O Nf6 7.Bb3 Nc6 8.Nc3 b5
9.dxc5 Qxd1 10.Rxd1 Bxc5 11.Bd2 Bb7 12.Rac1 Be7 13.Ne2 O-O 14.Ned4 Nxd4 15.Nxd4 Rfc8
16.Rxc8+ Rxc8 17.Nxe6 fxe6 18.Bxe6+ Kf8 19.Bxc8 Bxc8 20.f3 Be6 21.b3 Ke8
22.e4 b4 23.Be3 a5 24.Rd2 Nd7 25.Rc2 g5 26.Rc8+ Kf7 27.Ra8 Ne5 28.Rxa5 Nc6
29.Rb5 h6 30.Bc5 Bf6 31.Rb7+ Kg6 32.Rc7 Nd4 33.Bxb4 Be5 34.Rb7 g4 35.fxg4 Bxg4
36.Rb6+ Kg7 37.Bd6 Ne2+ 38.Kf1 Bd4 39.Rb4 Be3 40.Rc4 Bh5 41.h3 Kf6 42.g4 Bf7
43.e5+  1-0

[Event "Corsica rap op"]
[Site "Corsica"]
[Date "1997.??.??"]
[Round "8"]
[White "Tkachiev, Vladislav"]
[Black "Guyard, Bertrand"]
[Result "1-0"]
[WhiteElo "2615"]
[BlackElo "2230"]

1.e4 e5 2.Nf3 Nc6 3.Bc4 Bc5 4.c3 Nf6 5.d3 d6 6.Nbd2 a6 7.Nf1 Ba7 8.Bb3 O-O
9.Ng3 h6 10.h3 d5 11.exd5 Nxd5 12.O-O Re8 13.Re1 Nf6 14.Bc2 Qd6 15.Nh4 Ne7
16.Bb3 g5 17.Nf3 Nf5 18.Nxf5 Bxf5 19.Be3 Bxe3 20.Rxe3 Rad8 21.Qe1 Nd7 22.Rd1 Kg7
23.Nd2 b5 24.d4 Qf6 25.Nf1 e4 26.Ng3 Qg6 27.Bc2 Nf6 28.f3 Nd5 29.Nxf5+ Qxf5
30.fxe4 Qf4 31.Rf3 Qd6 32.Qf1 Nf4 33.g3 Nh5 34.Rxf7+ Kg8  1-0

[Event "FRA-chT9697 groupe B"]
[Site "France"]
[Date "1997.??.??"]
[Round "4"]
[White "Tkachiev, Vladislav"]
[Black "Sulipa, Aleksandar"]
[Result "1/2-1/2"]
[WhiteElo "2630"]
[BlackElo "2400"]

1.Nf3 Nf6 2.g3 d5 3.Bg2 g6 4.d4 Bg7 5.O-O O-O 6.Bf4 b6 7.Qc1 Ba6 8.Nc3 Nc6
9.Bh6 Ne4 10.Bxg7 Kxg7 11.Qe3 Nf6 12.Ne5 Bb7 13.Rfd1 e6 14.a4 Qe7 15.Nb5 Nb4
16.Na3 c5 17.c3 Nc6 18.Nxc6 Bxc6 19.Nc4 Nd7 20.a5 b5 21.Nd2 Rac8 22.dxc5 Qxc5
23.Qd4+ Qxd4 24.cxd4 b4 25.Rdc1 Bb5 26.e4 Nf6 27.exd5 Nxd5 28.Ne4 Ba6 29.Nd6 Rxc1+
30.Rxc1 Rd8 31.Rc6 Be2 32.Nb7 Rb8 33.Nc5 Bb5 34.Bxd5 exd5 35.Rc7 a6 36.Nb7 Re8
37.Nd6 Re1+ 38.Kg2 Bf1+ 39.Kf3 Rb1 40.Rxf7+ Kg8 41.Rb7 Rxb2 42.Kf4  1/2-1/2

[Event "Geneve op"]
[Site "Geneve"]
[Date "1997.??.??"]
[Round "1"]
[White "Minnebo, Alain"]
[Black "Tkachiev, Vladislav"]
[Result "0-1"]
[WhiteElo "2280"]
[BlackElo "2630"]

1.d4 Nf6 2.c4 g6 3.Nc3 Bg7 4.e4 d6 5.h3 O-O 6.Bg5 Nbd7 7.Nf3 e5 8.d5 h6 9.Be3 Nc5
10.Nd2 a5 11.Be2 Bd7 12.b3 Nh7 13.g4 f5 14.f3 c6 15.a3 Rc8 16.Rc1 Na6 17.Bd3 fxg4
18.hxg4 Ng5 19.Be2 Nf7 20.Nf1 Bf6 21.Qd2 Bg5 22.Bxg5 Nxg5 23.Rxh6 Kg7 24.Rh1 Rxf3
25.Kd1 Rf4 26.Kc2 Nc5 27.Ng3 a4 28.Nxa4 Ra8 29.Rb1 cxd5 30.exd5 Bxa4 31.bxa4 Rxa4
32.Qe3 Qa5 33.Kb2 b5 34.Rhf1 bxc4 35.Rxf4  0-1

[Event "Geneve op"]
[Site "Geneve"]
[Date "1997.??.??"]
[Round "2"]
[White "Tkachiev, Vladislav"]
[Black "Barle, Janez"]
[Result "1-0"]
[WhiteElo "2630"]
[BlackElo "2450"]

1.d4 d6 2.e4 e5 3.Nf3 Nd7 4.Bc4 c6 5.O-O Be7 6.a4 Ngf6 7.Nc3 O-O 8.Re1 a5
9.h3 Qc7 10.Be3 Rd8 11.Ng5 Rf8 12.Ba2 h6 13.Nf3 Rd8 14.Qe2 Nf8 15.Rad1 Be6
16.d5 cxd5 17.exd5 Bf5 18.Nd2 N8d7 19.Nc4 Bf8 20.Nb5 Qb8 21.f4 exf4 22.Bxf4 Ra6
23.Qf2 Bg6 24.Re2 Rc8 25.Qd4 Rc5 26.Ne3 Qc8 27.c4 Qd8 28.Bb1 Bxb1 29.Rxb1 Nb6
30.Bxd6 Bxd6 31.Nxd6 Qxd6 32.Nf5 Qf8 33.Ne7+ Kh7 34.Qxc5 Nbxd5 35.Rd1  1-0

[Event "Geneve op"]
[Site "Geneve"]
[Date "1997.??.??"]
[Round "4"]
[White "Tkachiev, Vladislav"]
[Black "Cvitan, Ognjen"]
[Result "1/2-1/2"]
[WhiteElo "2630"]
[BlackElo "2550"]

1.e4 c5 2.Nf3 e6 3.g3 d6 4.Bg2 Nf6 5.d3 Nc6 6.O-O Be7 7.Re1 O-O 8.c3 Bd7
9.Nbd2 Rc8 10.a3 b5 11.d4 cxd4 12.cxd4 a5 13.d5 exd5 14.exd5 Nxd5 15.Ne4 Nb6
16.Nxd6 Bxd6 17.Qxd6 Nc4 18.Qf4 a4 19.Rb1 h6 20.h4 Ne7  1/2-1/2

[Event "Gran Canaria op"]
[Site "Las Palmas"]
[Date "1997.??.??"]
[Round "?"]
[White "Tkachiev, Vladislav"]
[Black "Bojkovic, Natasa"]
[Result "1-0"]
[WhiteElo "2615"]
[BlackElo "2415"]

1.e4 c5 2.Nf3 e6 3.g3 Nc6 4.Bg2 Nf6 5.d3 d6 6.O-O Be7 7.Re1 O-O 8.c3 Bd7
9.Nbd2 Rc8 10.a4 a6 11.e5 Ne8 12.exd6 Nxd6 13.Nb3 b6 14.Bf4 Nf5 15.Qe2 Bf6
16.h4 h6 17.Nfd2 e5 18.Be3 Re8 19.Be4 Nd6 20.a5 Nxa5 21.Nxa5 bxa5 22.Bd5 a4
23.Ne4 Nxe4 24.dxe4 Bb5 25.c4 Bd7 26.Red1 Qe7 27.b3 axb3 28.Rxa6 Rb8 29.Rb1 Bc8
30.Ra3 Qd6  1-0

[Event "Gran Canaria op"]
[Site "Las Palmas"]
[Date "1997.??.??"]
[Round "?"]
[White "Gomez, M."]
[Black "Tkachiev, Vladislav"]
[Result "0-1"]
[WhiteElo "2490"]
[BlackElo "2615"]

1.d4 Nf6 2.c4 g6 3.g3 Bg7 4.Bg2 O-O 5.Nc3 d6 6.Nf3 Nc6 7.O-O a6 8.Re1 Rb8
9.Rb1 Na5 10.b3 b5 11.cxb5 axb5 12.e4 b4 13.Na4 Bd7 14.Nb2 d5 15.e5 Ne4 16.Bd2 c5
17.dxc5 Nc6 18.Nd3 Bf5 19.Rc1 Qa5 20.a4 Nc3 21.Bxc3 bxc3 22.Nh4 Bxd3 23.Qxd3 e6
24.Qxc3 Qxc3 25.Rxc3 Bxe5 26.Rd3 Rfc8 27.Nf3 Bg7 28.Rc1 Nb4 29.Rd2 Bh6 30.Bf1 Rc7
31.Bb5 Bxd2 32.Nxd2 Rbc8 33.c6 Nxc6 34.Bxc6 Rxc6 35.Rxc6 Rxc6 36.Kf1 Rc2
37.Ke2 Ra2 38.Kd3 e5 39.Nb1 Rxf2 40.a5 Rb2 41.Nd2 d4 42.a6 Ra2 43.Nc4 f6
44.b4 Rxa6 45.b5 Ra4 46.b6 Rb4 47.Ke4 Rxc4  0-1

[Event "ESP-chT"]
[Site "Ponferrada"]
[Date "1997.??.??"]
[Round "4"]
[White "Nogueiras, Jesus"]
[Black "Tkachiev, Vladislav"]
[Result "1/2-1/2"]
[WhiteElo "2535"]
[BlackElo "2615"]

1.Nf3 Nf6 2.c4 g6 3.g3 Bg7 4.Bg2 c6 5.Nc3 d5 6.cxd5 cxd5 7.d4 O-O 8.Ne5 e6
9.O-O Nfd7 10.Nf3 Nf6 11.Bf4 Nc6 12.Qd2  1/2-1/2

[Event "Corsican op"]
[Site "Bastia"]
[Date "1998.11.03"]
[Round "7"]
[White "Vescovi, Giovanni"]
[Black "Tkachiev, Vladislav"]
[Result "1-0"]
[WhiteElo "2525"]
[BlackElo "2645"]

1.d4 Nf6 2.c4 g6 3.Nc3 Bg7 4.e4 d6 5.Nf3 O-O 6.Be2 Na6 7.Bg5 h6 8.Bh4 c6
9.O-O Nh5 10.Qd2 g5 11.Nxg5 hxg5 12.Qxg5 Nf6 13.Rad1 Qc7 14.f4 e5 15.fxe5 Nh7
16.exd6 Qxd6 17.Qe3 c5 18.e5 Qe6 19.Bg3 cxd4 20.Rxd4 Nb4 21.Rd6 Qe7 22.a3 Nc6
23.Nd5 Qg5 24.Bf4 Qh4 25.Bg3 Qg5 26.Bf4 Qh4 27.g3 Qh3 28.Bh6 Re8 29.Bxg7 Kxg7
30.Nf4 Rxe5 31.Qc3 Qf5 32.Nh5+ Qxh5 33.Bxh5 Nf6 34.Rdxf6  1-0

[Event "CRO-Cup"]
[Site "Pula"]
[Date "1999.05.27"]
[Round "4"]
[White "Tkachiev, Vladislav"]
[Black "Vujakovic, Branko"]
[Result "1-0"]
[WhiteElo "2634"]
[BlackElo "2385"]

1.c4 Nf6 2.Nc3 d5 3.cxd5 Nxd5 4.g3 g6 5.Bg2 Nb6 6.Nf3 Bg7 7.O-O O-O 8.d3 Nc6
9.Be3 e5 10.Rc1 Re8 11.Ne4 Nd4 12.Bg5 f6 13.Bd2 c6 14.b4 Re7 15.Nxd4 exd4
16.Nc5 Kh8 17.a4 Nd5 18.Re1 Qg8 19.Qb3 Nc7 20.Qxg8+ Kxg8 21.b5 cxb5 22.Nxb7 Bf5
23.Bb4 Rae8 24.Bxe7 Rxe7 25.Nd6 Be6 26.Nxb5 Nd5 27.Nxd4  1-0

[Event "CRO-chT"]
[Site "Pula"]
[Date "1999.09.12"]
[Round "4"]
[White "Tkachiev, Vladislav"]
[Black "Cvitan, Ognjen"]
[Result "1/2-1/2"]
[WhiteElo "2648"]
[BlackElo "2511"]

1.e4 c5 2.Nf3 e6 3.g3 d6 4.Bg2 Nf6 5.d3 Nc6 6.O-O Be7 7.c4 O-O 8.Nc3 a6 9.a4 Qb6
10.Rb1 Bd7 11.h3 Nd4 12.Nxd4 cxd4 13.Ne2 a5 14.g4 e5 15.Ng3 g6 16.f4 exf4
17.Bxf4 Ne8 18.Bh6 Ng7 19.b3 Qd8 20.Qf3 Bg5 21.Bxg5 Qxg5 22.e5 Bc6 23.Qf2 Bxg2
24.Kxg2 Qxe5 25.Rbe1 Qc5 26.Ne4 Qc6 27.Qf6 Rae8 28.Qxd6 f5 29.Qxc6 bxc6  1/2-1/2

[Event "CRO-chT"]
[Site "Pula"]
[Date "1999.09.14"]
[Round "5"]
[White "Ljubicic, Filip"]
[Black "Tkachiev, Vladislav"]
[Result "0-1"]
[WhiteElo "2370"]
[BlackElo "2648"]

1.e4 d6 2.d4 g6 3.c3 Nf6 4.Bd3 Bg7 5.Ne2 O-O 6.O-O e5 7.Bg5 h6 8.Bxf6 Bxf6
9.Qd2 Bg5 10.f4 Nc6 11.d5 Nb8 12.f5 Nd7 13.Na3 Kh7 14.Rf3 h5 15.Raf1 Bh6
16.Qe1 Nf6 17.fxg6+ fxg6 18.h3 Bd7 19.Qf2 Kg7 20.c4 c5 21.Nb5 Qe7 22.Qe1 Nh7
23.Rxf8 Nxf8 24.Qa5 b6 25.Qa6 Bc8 26.Qa4 a6 27.Nbc3 Bd7 28.Qb3 Qd8 29.Qd1 Nh7
30.Bc2 Rb8 31.a4 Qe8 32.h4  0-1

[Event "Cannes m1"]
[Site "Cannes"]
[Date "1999.10.20"]
[Round "5"]
[White "Tkachiev, Vladislav"]
[Black "David, Alberto"]
[Result "1-0"]
[WhiteElo "2648"]
[BlackElo "2544"]

1.d4 Nf6 2.c4 c5 3.d5 d6 4.Nc3 g6 5.g3 Bg7 6.Bg2 O-O 7.Nf3 e6 8.O-O exd5
9.cxd5 a6 10.a4 Nbd7 11.Bf4 Qe7 12.Rb1 Nh5 13.Bg5 f6 14.Bd2 f5 15.Ng5 Ndf6
16.b4 c4 17.b5 a5 18.b6 Ne4 19.Ngxe4 fxe4 20.Rc1 Nf6 21.Bg5 Bf5 22.Nb5 Rac8
23.Qd2 Qe5 24.Bf4 Qxd5 25.Nxd6 Rc6 26.Nxc4 Rfc8 27.Bc7 Rxc4 28.Qxd5+ Nxd5
29.Rxc4 Nxb6 30.Rcc1 Nxa4 31.Bxa5 Bc3 32.Bxc3 Nxc3 33.Rc2 e3 34.Rb2 exf2+
35.Kxf2 b5 36.Ra1 h5 37.Rb4 Kg7 38.Ra3 Bc2 39.Ke1 Rc5 40.Ra7+ Kf6 41.Ra6+  1-0

[Event "Match"]
[Site "Cannes FRA"]
[Date "1999.11.15"]
[Round "3"]
[White "Van der Wiel,J"]
[Black "Tkachiev,V"]
[Result "0-1"]
[WhiteElo "2544"]
[BlackElo "2648"]

1.e4 e5 2.Nf3 Nc6 3.Bb5 a6 4.Ba4 Nf6 5.O-O b5 6.Bb3 Bc5 7.a4 Bb7 8.c3 d6
9.d4 Bb6 10.Re1 O-O 11.Bg5 h6 12.Bh4 exd4 13.cxd4 g5 14.Bg3 Re8 15.axb5 axb5
16.Rxa8 Bxa8 17.d5 Ne7 18.Na3 Ng6 19.Bc2 Qd7 20.Bd3 Qg4 21.Nxb5 h5 22.e5 Nxe5
23.Nxe5 dxe5 24.Qxg4 Nxg4 25.h3 h4 26.Bxh4 gxh4 27.hxg4 Bxd5 28.Nc3 Bc6 29.Be4 Bxe4
30.Nxe4 Rd8 31.Kh2 Rd3 32.Re2 Kf8 33.f3 Rd1 34.g5 Rf1 35.Rc2 Ke7 36.Nf6 Rd1
37.Kh3 Ke6 38.Kxh4 Kf5 39.g4+ Kf4  0-1

[Event "Match"]
[Site "Cannes FRA"]
[Date "1999.11.17"]
[Round "5"]
[White "Van der Wiel,J"]
[Black "Tkachiev,V"]
[Result "1/2-1/2"]
[WhiteElo "2544"]
[BlackElo "2648"]

1.e4 e5 2.Nf3 Nc6 3.Bb5 a6 4.Bxc6 dxc6 5.O-O f6 6.d4 exd4 7.Nxd4 c5 8.Ne2 Qxd1
9.Rxd1 Bd7 10.Nbc3 O-O-O 11.Be3 Re8 12.Rd2 Bc6 13.Rad1 b6 14.Nf4 Nh6 15.f3 Nf7
16.Ncd5 Nd6 17.b3 f5 18.exf5 Nxf5 19.Bf2 Bd6 20.Nh5 Be5 21.c4  1/2-1/2

[Event "Match"]
[Site "Cannes FRA"]
[Date "1999.11.20"]
[Round "7"]
[White "Van der Wiel,J"]
[Black "Tkachiev,V"]
[Result "1-0"]
[WhiteElo "2544"]
[BlackElo "2648"]

1.e4 e5 2.Nf3 Nc6 3.d4 exd4 4.Nxd4 Bc5 5.Nxc6 Qf6 6.Qd2 dxc6 7.Nc3 Bd4 8.Bc4 Ne7
9.O-O Ng6 10.Kh1 Be6 11.Bxe6 fxe6 12.Ne2 Bb6 13.Qg5 Ne5 14.f3 Rd8 15.b3 O-O
16.Qxf6 gxf6 17.Ba3 Rfe8 18.Rad1 Kf7 19.Bb2 Ng6 20.g3 Be3 21.Kg2 a5 22.f4 Bc5
23.Nc1 Kg7 24.Rxd8 Rxd8 25.Nd3 Bb6 26.Bc3 Ne7 27.g4 a4 28.g5 Bd4 29.gxf6+ Kxf6
30.Be1 axb3 31.axb3 Ra8 32.c3 Bb6 33.Bh4+ Kf7 34.Ne5+ Ke8 35.f5 exf5 36.exf5 Nd5
37.Kh3 Kf8 38.c4 Nb4 39.c5 Ba7 40.Rg1 Re8 41.Bf6 Rxe5 42.Bg7+ Kf7 43.Bxe5 Nd3
44.Rg7+ Kf8 45.Rxc7 Nxe5 46.b4  1-0

[Event "Match"]
[Site "Cannes FRA"]
[Date "1999.11.22"]
[Round "9"]
[White "Van der Wiel,J"]
[Black "Tkachiev,V"]
[Result "1/2-1/2"]
[WhiteElo "2544"]
[BlackElo "2648"]

1.e4 e5 2.Nf3 Nc6 3.Bb5 a6 4.Ba4 Nf6 5.O-O b5 6.Bb3 Bc5 7.a4 Bb7 8.c3 d6
9.d4 Bb6 10.Bg5 exd4 11.cxd4 h6 12.Bxf6 Qxf6 13.Bd5 O-O 14.Na3 Ra7 15.Nc2 bxa4
16.Rxa4 a5 17.Re1 Ne7 18.Bxb7 Rxb7 19.Ne3 Rd8 20.Qc2 Rbb8 21.h3  1/2-1/2